• 首页
  • 本馆介绍
  • 公告通知
  • 最新文献
  • 馆藏检索
  • 电子资源
  • 读者导购
  • 参考咨询
  • 我的图书馆
  • 登录
  • 详细信息显示
  • 放入我的书架
  • 预约/预借图书
  • 作者相关作品
  • 分类相关作品
  • 丛书相关作品
  • 出版社相关作品

书目信息

  • 表格格式
  • 工作单格式
  • 卡片格式
题名:
机考题库及高频考点精练
    
 
作者: ;东奥会计在线 组编
分册:   财经法规与会计职业道德
出版信息: 北京   北京大学出版社  2016
页数: 295页
开本: 24cm
丛书名: 2016年全国会计从业资格考试辅导用书
单 册:
中图分类: D922.204 , D922.290.4
科图分类:
主题词: 财政法--Cai Zheng Fa--中国--会计--资格考试--习题集 , 经济法--Jing Ji Fa--中国--会计--资格考试--习题集 , 会计人员--Kuai Ji Ren Yuan--职业道德--资格考试--习题集
电子资源:
ISBN: 978-7-301-26881-0
000 01450nam 2200313 450
001 1660311797
005 20160210080155.0
010    @a978-7-301-26881-0@dCNY30.00
100    @a20160322d2016 em y0chiy0120 ea
101 0  @achi
102    @aCN@b110000
105    @ay z 000yy
106    @ar
200 1  @a机考题库及高频考点精练@AJi Kao Ti Ku Ji Gao Pin Kao Dian Jing Lian@i财经法规与会计职业道德@f组编东奥会计在线
210    @a北京@c北京大学出版社@d2016
215    @a295页@d24cm
225 2  @a2016年全国会计从业资格考试辅导用书@A2016 Nian Quan Guo Kuai Ji Cong Ye Zi Ge Kao Shi Fu Dao Yong Shu@i轻松过关@h1
330    @a本书主要内容包括:《财经法规与会计职业道德》科目的要点归纳与随堂练习、知识结构导图、机考题库、高频考点及名师点题、全真模拟测试五部分;适用人群主要包括两类,一类是对基础知识有所掌握需要提高阶段复习的。另一部分是已参加过考试但未通过的学员。
333    @a参加2016年全国会计从业资格考试的考生
410  0 @12001 @a2016年全国会计从业资格考试辅导用书@i轻松过关@h1
517 1  @a财经法规与会计职业道德@ACai Jing Fa Gui Yu Kuai Ji Zhi Ye Dao De
606 0  @a财政法@ACai Zheng Fa@y中国@x会计@x资格考试@j习题集
606 0  @a经济法@AJing Ji Fa@y中国@x会计@x资格考试@j习题集
606 0  @a会计人员@AKuai Ji Ren Yuan@x职业道德@x资格考试@j习题集
690    @aD922.204@v5
690    @aD922.290.4@v5
711 02 @a东奥会计在线@ADong Ao Kuai Ji Zai Xian@4组编
801  0 @aCN@b江苏新华@c20150511
905    @aBZT@dD922.204@e3
    
    机考题库及高频考点精练.财经法规与会计职业道德/组编东奥会计在线.-北京:北京大学出版社,2016
    295页;24cm.-(2016年全国会计从业资格考试辅导用书.轻松过关.1)
    使用对象:参加2016年全国会计从业资格考试的考生
    
    ISBN 978-7-301-26881-0:CNY30.00
    本书主要内容包括:《财经法规与会计职业道德》科目的要点归纳与随堂练习、知识结构导图、机考题库、高频考点及名师点题、全真模拟测试五部分;适用人群主要包括两类,一类是对基础知识有所掌握需要提高阶段复习的。另一部分是已参加过考试但未通过的学员。
●
相关链接 在五车中查询图书 在当当中查询图书 在豆瓣中查询图书


正题名:机考题库及高频考点精练     索取号:D922.204/3         预约/预借

序号 登录号 条形码 馆藏地/架位号 状态 备注
1 797185   2000797185   第二书库/ [索取号:D922.204/3] 在馆    
2 797186   2000797186   第二书库/ [索取号:D922.204/3] 在馆    
3 797187   2000797187   第二书库/ [索取号:D922.204/3] 在馆    
山东省滨州职业学院图书馆 欢迎您!
大连网信软件有限公司© 版权所有